000 00347nam a2200145Ia 4500
008 230312s9999||||xx |||||||||||||| ||und||
020 _a0-8478-2186-0
082 _a711
_bDUA-T
100 _aDuany;Andres
245 4 _aThe new civic art
260 _bRizzoli
_aChina
_c2003
300 _a384
650 _aArchitecture
_vArchitecture
942 _cBK
999 _c12739
_d12739